000 00590cam a2200169 4500
001 BUCI012102
008 s1968 cr spa
035 _aBUCI012102
245 0 0 _aCatálogo de Estudios de las Universidades Nacionales de Centroamérica :
_b1967-1968 /
_cConsejo Superior Universitario Centroamericano.
250 _a1a. ed.
260 _aSan José, Costa Rica :
_bSecretaría Permanente,
_c1968
300 _a399 p. ;
_c24cm.
650 4 _aEducación
_zCosta Rica
_xCurrícula
650 4 _aProfesiones catálogos
942 _2lcc
_cLIB
999 _c135172
_d135172